000 00538nam a2200193Ia 4500
001 14799
003 GE_BSU
008 181216s||||||||xx |||||||||||||| ||und||
040 _cGE_BSU
080 _a514(075.8)
100 _aАтанасян,Л.С. Атанасян,В.А.
245 _aСборник задач по геометрии ч.1
260 _aМосква
260 _bПросвещение
260 _c1973
300 _a255стр.22см.
653 _aСборник задач по геометрии
942 _cBK
999 _c47922
_d47922